Normal view
MARC view
- Sobolevsky, Dmitry Yu.
Entry Personal Name
001 - CONTROL NUMBER
- control field: 42489
003 - CONTROL NUMBER IDENTIFIER
- control field: NUST
005 - DATE AND TIME OF LATEST TRANSACTION
- control field: 20210314132326.0
008 - FIXED-LENGTH DATA ELEMENTS
- fixed length control field: 210314|| aca||aabn | a|a d
040 ## - CATALOGING SOURCE
- Original cataloging agency: NUST
- Transcribing agency: NUST
100 ## - HEADING--PERSONAL NAME
- Personal name: Sobolevsky, Dmitry Yu.
670 ## - SOURCE DATA FOUND
- Source citation: Work cat.: (NUST): Sobolevsky, Dmitry Yu.,, Strength of dilating soil and load-holding capacity of deep foundations :, 1995.
